| 000 | 00750nam a2200277Ia 4500 | ||
|---|---|---|---|
| 008 | 170711s9999 xx 000 0 und d | ||
| 020 | _a609604821 | ||
| 050 | _a973.04 | ||
| 050 | _bT454 2002 | ||
| 100 | _aThomas, Velma | ||
| 245 | _aWe shall not be moved : | ||
| 245 | _bthe passage from the great migration to the million man march / | ||
| 245 | _cby Velma Thomas. | ||
| 250 | _aFirst edition | ||
| 260 | _aNew York : | ||
| 260 | _bCrown, | ||
| 260 | _c2002 | ||
| 300 | _a31 pages : | ||
| 300 | _bcolored illustrations ; | ||
| 300 | _c25cm. | ||
| 650 | _aAfrican Americans -- | ||
| 650 | _aAfrican Americans -- | ||
| 650 | _xCivil rights -- History -- 20th century. | ||
| 650 | _xHistory -- 1877-1964. | ||
| 700 | _aTitle. | ||
| 999 |
_c339725 _d339725 |
||